Catálogo
 En Linea

Refundar la república / (Registro nro. 46978)

Detalles MARC
000 -CABECERA
campo de control de longitud fija 01259nam a2200229 a 4500
001 - NÚMERO DE CONTROL
campo de control 000047490
003 - IDENTIFICADOR DEL NÚMERO DE CONTROL
campo de control OSt
005 - FECHA Y HORA DE LA ÚLTIMA TRANSACCIÓN
campo de control 20201210075352.0
008 - DATOS DE LONGITUD FIJA--INFORMACIÓN GENERAL
campo de control de longitud fija 101007s2017 dr 001 0 spa d
020 ## - NÚMERO INTERNACIONAL ESTÁNDAR DEL LIBRO
Número Internacional Estándar del Libro 9789945131925
040 ## - FUENTE DE LA CATALOGACIÓN
Centro catalogador/agencia de origen DO-SdBNP
Lengua de catalogación spa
Centro/agencia transcriptor BNPHU
082 #4 - NÚMERO DE LA CLASIFICACIÓN DECIMAL DEWEY
Número de clasificación 320.97293
Número de documento/Ítem T233r, 2017
Número de edición 22
100 1# - ENTRADA PRINCIPAL--NOMBRE DE PERSONA
Nombre de persona Taveras, Fafa,
9 (RLIN) 17095
Fechas asociadas al nombre 1938-
245 10 - MENCIÓN DE TÍTULO
Título Refundar la república /
Mención de responsabilidad, etc. Fafa Taveras.
250 ## - MENCIÓN DE EDICIÓN
Mención de edición 2a. ed.
260 ## - PUBLICACIÓN, DISTRIBUCIÓN, ETC.
Lugar de publicación, distribución, etc. Santo Domingo :
Nombre del editor, distribuidor, etc. Grupo Clacso,
Fecha de publicación, distribución, etc. 2017.
300 ## - DESCRIPCIÓN FÍSICA
Extensión 201 p. ;
Dimensiones 22 cm.
505 0# - NOTA DE CONTENIDO CON FORMATO
Nota de contenido con formato La dimensión de la crisis -- Crisis y civilización -- El nuevo modelo en la República Dominicana -- El impacto inmediato y previsible -- Perspectiva dominicana -- Lo que dejamos atras -- Crítica a nuestras practicas y concepciones organizativas -- Las influencias internas -- Nuestro deplorable accionar político -- El reduccionismo histórico -- Los límites del marxismo -- Identidad de izquierda -- El proyecto que necesitamos -- Lo que que no debe olvidarse -- Patria y bienestar -- Nación y diferencias sociales -- La perspectiva democratica -- Obstaculos para la democracia -- Refundar la república
590 ## - NOTA LOCAL (RLIN)
Nota local Inventariado, 2018/VM
651 #4 - PUNTO DE ACCESO ADICIONAL DE MATERIA--NOMBRE GEOGRÁFICO
Nombre geográfico República Dominicana
Subdivisión general Política y Gobierno
Subdivisión cronológica 1961
9 (RLIN) 204
942 ## - ELEMENTOS DE PUNTO DE ACCESO ADICIONAL (KOHA)
Fuente del sistema de clasificación o colocación Dewey Decimal Classification
Tipo de ítem Koha Libros y folletos
Existencias
Estado de retiro Estado de pérdida Fuente del sistema de clasificación o colocación Restricciones de uso No para préstamo Código de colección Localización permanente Ubicación/localización actual Ubicación en estantería Fecha de adquisición Fuente de adquisición Número de inventario Total de préstamos Signatura topográfica completa Código de barras Fecha visto por última vez Precio válido a partir de Tipo de ítem Koha Número de copia
    Dewey Decimal Classification Excluido de préstamo Excluido de préstamo Patrimonio Dominicano Biblioteca Nacional Pedro Henríquez Ureña Patrimonio Dominicano En catalogación 06.06.2018 Editora Mediabyte LF1   BNPHU PD 320.97293 T233r 2017 47490-10 25.06.2020 25.06.2020 Libro y Folleto Colección Patrimonio Dominicano  
    Dewey Decimal Classification Préstamo en sala Préstamo restrigido Patrimonio Dominicano Biblioteca Nacional Pedro Henríquez Ureña Patrimonio Dominicano En catalogación 06.06.2018 Editora Mediabyte LF1   BNPHU PD 320.97293 T233r 2017 2020-0046 11.09.2020 25.06.2020 Libro y Folleto Colección Patrimonio Dominicano e.2
    Dewey Decimal Classification Préstamo en sala   Dominicana de Servicio Biblioteca Nacional Pedro Henríquez Ureña Patrimonio Dominicano En catalogación 06.06.2018 Editora Mediabyte LF1   BNPHU DS 320.97293 T233r 2017 2020-0047 11.09.2020 25.06.2020 Libro y Folleto Colección Dominicana de Servicio e.3

Con tecnología Koha